Política, planificación y gobierno / (Record no. 5955)

MARC details
000 -LEADER
fixed length control field 00685nam a22002057a 4500
005 - DATE AND TIME OF LATEST TRANSACTION
control field 20251007143141.0
007 - PHYSICAL DESCRIPTION FIXED FIELD--GENERAL INFORMATION
fixed length control field cr
008 - FIXED-LENGTH DATA ELEMENTS--GENERAL INFORMATION
fixed length control field 191212cr ||||| |||| 00| 0 eng d
020 ## - INTERNATIONAL STANDARD BOOK NUMBER
International Standard Book Number 980-300-316-X (Versión DIgital)
082 14 - DEWEY DECIMAL CLASSIFICATION NUMBER
Edition number 14
Classification number 320.8
100 1# - MAIN ENTRY--PERSONAL NAME
9 (RLIN) 7174
Personal name Matus, Carlos
245 10 - TITLE STATEMENT
Title Política, planificación y gobierno /
Statement of responsibility, etc Carlos Matus
260 ## - PUBLICATION, DISTRIBUTION, ETC. (IMPRINT)
Place of publication, distribution, etc Neuquén :
Name of publisher, distributor, etc Organización Panamercana de la Salud,
-- Fundacion ALTADIR,
Date of publication, distribution, etc 2008
300 ## - PHYSICAL DESCRIPTION
Extent 125 p.
650 #0 - SUBJECT ADDED ENTRY--TOPICAL TERM
Source of heading or term unescot
9 (RLIN) 1075
Topical term or geographic name as entry element ESTADO
650 #0 - SUBJECT ADDED ENTRY--TOPICAL TERM
Source of heading or term unescot
9 (RLIN) 3942
Topical term or geographic name as entry element POLÍTICAS PÚBLICAS
650 #0 - SUBJECT ADDED ENTRY--TOPICAL TERM
9 (RLIN) 1535
Topical term or geographic name as entry element ADMINISTRACION PUBLICA
856 40 - ELECTRONIC LOCATION AND ACCESS
Uniform Resource Identifier <a href="http://www.bnm.me.gov.ar/giga1/documentos/EL001185.pdf">http://www.bnm.me.gov.ar/giga1/documentos/EL001185.pdf</a>
942 ## - ADDED ENTRY ELEMENTS (KOHA)
Source of classification or shelving scheme Dewey Decimal Classification
Item type Libro electrónico
980 ## - EQUIVALENCE OR CROSS-REFERENCE-SERIES STATEMENT--PERSONAL NAME/TITLE [LOCAL, CANADA]
Field link and sequence number 19227
Miscellaneous information Leticia Ana Abalos
Holdings
Withdrawn status Lost status Source of classification or shelving scheme Damaged status Not for loan Collection code Home library Current library Date acquired Full call number Date last seen Uniform Resource Identifier Price effective from Koha item type
    Dewey Decimal Classification   Acceso en línea Recursos en Línea Biblioteca Central Biblioteca Central 24/08/2020 320.8 24/08/2020 http://www.bnm.me.gov.ar/giga1/documentos/EL001185.pdf 24/08/2020 Libro electrónico

Lunes a Viernes 8:30 a 19:00 hs. Cerrado por mudanza
Av.Calchaqui 6200 Florencio Varela (CP188) 2°piso Edificio Mosconi Aula 209-210
Mail: bibliotecacentralunaj@gmail.com  
Whatsapp(54 9)1122668024    ❔Pregunte a la bibliotecaria
© Universidad Nacional Arturo Jauretche | Secretaría Académica | Biblioteca Central UNAJ